[Event "American Continental 08th"]
[Site "Mar del Plata"]
[Date "2012.10.18"]
[Round "8"]
[White "Crespo, Eugenio"]
[Black "Curotto, Nicolas"]
[Result "1-0"]
[WhiteElo "2076"]
[BlackElo "1859"]
[PlyCount "119"]
[EventDate "2012.10.12"]
[EventType "swiss"]
[EventRounds "11"]
[EventCountry "ARG"]
[SourceTitle "EXT 2013"]
[Source "ChessBase"]
[SourceDate "2012.11.22"]
[SourceVersion "1"]
[SourceVersionDate "2012.11.22"]
[SourceQuality "1"]

1. e4 e5 2. Nf3 Nc6 3. Bb5 a6 4. Ba4 Nf6 5. 0-0 b5 6. Bb3 Be7 7. Qe2 0-0 8. c3 d5 9. d3 Bb7 10. Nbd2 Re8 11. Rd1 dxe4 12. dxe4 Bd6 13. Nf1 Na5 14. Bc2 Qe7 15. Ng3 Bc8 16. Nh4 Nb7 17. Bg5 h6 18. Nhf5 Bxf5 19. Nxf5 Qd8 20. Bh4 Kh7 21. Qf3 Rh8 22. Qh3 Kg8 23. Nxg7 Kxg7 24. Rd3 Nc5 25. Rg3+ Kf8 26. Rf3 Ncd7 27. Rd1 Qe7 28. Qf5 Kg7 29. Rg3+ Kf8 30. Rf3 Kg7 31. Bb3 Rac8 32. Rg3+ Kf8 33. Rf3 Kg7 34. Rg3+ Kf8 35. Rf3 Kg7 36. Rdd3 Rcg8 37. Bd5 a5 38. Bc6 Qe6 39. Bxd7 Nxd7 40. Qh5 Kf8 41. Rxf7+ Qxf7 42. Rf3 Qxf3 43. Qxf3+ Ke8 44. Qh5+ Kf8 45. Qf5+ Ke8 46. Qe6+ Kf8 47. Qxd7 Rg6 48. Qxb5 Rhg8 49. Bg3 h5 50. h4 Rg4 51. Qxa5 Ke7 52. Qd5 Kf6 53. c4 Kg7 54. c5 Be7 55. Qxe5+ Bf6 56. Qxc7+ Kf8 57. c6 Rxe4 58. Qd7 Rg7 59. Qf5 Re1+ 60. Kh2 1-0

[Event "American Continental 08th"]
[Site "Mar del Plata"]
[Date "2012.10.12"]
[Round "1"]
[White "Tokman, Ariel"]
[Black "Curotto, Nicolas"]
[Result "1-0"]
[WhiteElo "2283"]
[BlackElo "1859"]
[PlyCount "89"]
[EventDate "2012.10.12"]
[EventType "swiss"]
[EventRounds "11"]
[EventCountry "ARG"]
[SourceTitle "EXT 2013"]
[Source "ChessBase"]
[SourceDate "2012.11.22"]
[SourceVersion "1"]
[SourceVersionDate "2012.11.22"]
[SourceQuality "1"]

1. c4 e5 2. g3 Nc6 3. Bg2 g6 4. Nc3 Bg7 5. e3 d6 6. Nge2 f5 7. 0-0 Nf6 8. Rb1 0-0 9. d3 Be6 10. Nd5 Qd7 11. b4 h6 12. b5 Nd8 13. Qc2 g5 14. f4 exf4 15. exf4 g4 16. Bb2 c6 17. bxc6 bxc6 18. Nxf6+ Bxf6 19. Bxf6 Rxf6 20. Qc3 Qg7 21. Nd4 Bd7 22. Rfe1 Rf7 23. Nb5 Qxc3 24. Nxc3 Rc8 25. c5 d5 26. d4 Ne6 27. Ne2 Re8 28. Kf2 Bc8 29. Nc1 Rfe7 30. Rb4 Ba6 31. Bf1 Bxf1 32. Kxf1 Ng7 33. Re5 Rxe5 34. fxe5 Ne6 35. Ne2 Re7 36. Kf2 Kf7 37. Ke3 Ng5 38. Rb8 Rc7 39. a4 a6 40. a5 Ne6 41. Rb6 Ra7 42. Rxc6 Rb7 43. Rb6 Rxb6 44. axb6 Nd8 45. Nf4 1-0

[Event "Wch U14"]
[Site "Caldas Novas"]
[Date "2011.11.22"]
[Round "5"]
[White "Chahrour, Ibrahim"]
[Black "Curotto, Nicolas"]
[Result "1-0"]
[WhiteElo "2243"]
[BlackElo "1789"]
[PlyCount "75"]
[EventDate "2011.11.18"]
[EventType "swiss"]
[EventRounds "9"]
[EventCountry "BRA"]
[SourceTitle "EXT 2013"]
[Source "ChessBase"]
[SourceDate "2012.11.22"]
[SourceVersion "1"]
[SourceVersionDate "2012.11.22"]
[SourceQuality "1"]

1. e4 c5 2. Nf3 Nc6 3. d4 cxd4 4. Nxd4 g6 5. c4 Bg7 6. Be3 Nf6 7. Nc3 0-0 8. Be2 d6 9. 0-0 a6 10. Qd2 Bd7 11. f3 Rc8 12. Nxc6 Rxc6 13. Nd5 e6 14. Nb4 Rc8 15. Qxd6 Ne8 16. Qd2 a5 17. Nd3 b6 18. Nf2 Rc6 19. Rad1 Rd6 20. Qc2 Qc7 21. Rd2 Rxd2 22. Qxd2 e5 23. Rc1 f5 24. c5 Bc6 25. cxb6 Qb7 26. Ba6 Qa8 27. Bc4+ Kh8 28. Bd5 Rf6 29. Bg5 Rd6 30. Be7 Rxd5 31. exd5 Bxd5 32. Rd1 Bf7 33. Qd7 e4 34. b7 Qa7 35. fxe4 fxe4 36. Bc5 Qxc5 37. b8Q e3 38. Qxf7 1-0